Festschrift in honour of Maria Negreponti-Delivanis = Melanges en hommage a Maria Negreponti-Delivanis

Αποθηκεύτηκε σε:
Λεπτομέρειες βιβλιογραφικής εγγραφής
Άλλοι συγγραφείς: Βογιατζής, Αλέξης (Επιμελητής έκδοσης), Κάτος, Αναστάσιος Β. (Συγγραφέας εισαγωγής κ.λπ.)
Μορφή: Βιβλίο
Γλώσσα:English
French
Δημοσίευση: Thessaloniki : University of Macedonia, 2006.
Θέματα:
Ετικέτες: Προσθήκη ετικέτας
Δεν υπάρχουν, Καταχωρήστε ετικέτα πρώτοι!

MARC

LEADER 00000cam a2200000 i 4500
001 1/44018
008 070509s2006####gr | | ||| |||| ||eng||
035 |l 10087752  
040 |a GR-MY-UA  |b gre  |e aacr 
041 1 |a eng  |a fre 
082 0 |a 330.092   |2 (22)  
245 0 0 |a Festschrift in honour of Maria Negreponti-Delivanis =   |b Melanges en hommage a Maria Negreponti-Delivanis /   |c edited by A. Vogiatzis ; preface by Anastasios Katos.  
246 1 |i Παράλληλος τίτλος:   |a Melanges en hommage a Maria Negreponti-Delivanis  
260 |a Thessaloniki :   |b University of Macedonia,   |c 2006.  
300 |a 708 σ. :   |b πίν. ;   |c 25 εκ.  
504 |a Περιλαμβάνει βιβλιογραφία.  
600 1 0 |a Νεγρεπόντη-Δελιβάνη, Μαρία. 
650 0 0 |a Economics  |z Greece. 
700 1 |a Βογιατζής, Αλέξης.  |4 edt 
700 1 |4 aui  |a Κάτος, Αναστάσιος Β. 
852 |a INST  |b CHIOS  |e 20070509  |h 330.092 FES  |p 005200024331  |q 005200024331  |t BK  |y 0 
901 |a BIBL2-2007-2 
909 |a Χ  |b 131018 
970 |a Σπέντζα  |b Ελένη  |z 2007/05/09